[Event "POR-ch Seniors 65"]
[Site "Peniche"]
[Date "2023.06.10"]
[Round "5"]
[White "Viana, Eduardo Escudeiro"]
[Black "Santos, Julio Fernandes"]
[Result "0-1"]
[WhiteElo "1467"]
[BlackElo "1800"]
[PlyCount "80"]
[EventDate "2023.06.06"]
[EventType "swiss"]
[EventRounds "5"]
[EventCountry "POR"]
[SourceTitle "CBM 214 Extra"]
[Source "ChessBase"]
[SourceDate "2023.07.31"]
[SourceVersion "1"]
[SourceVersionDate "2023.07.31"]
[SourceQuality "1"]

1. c4 e5 2. Nc3 b6 3. d4 exd4 4. Qd2 d3 5. Qxd3 Nc6 6. Qe4+ Qe7 7. Nf3 Nf6 8. Qxe7+ Bxe7 9. g3 Nb4 10. Kd1 Bb7 11. a3 Bxf3 12. exf3 Nc6 13. Bg2 0-0-0 14. Be3 Rhe8 15. Kc2 Na5 16. b3 c6 17. Bh3 Kc7 18. Rhd1 Nb7 19. a4 a5 20. Bg2 Nc5 21. Bf4+ d6 22. Re1 Ne6 23. Be3 Nd7 24. Rad1 Ne5 25. h3 g6 26. f4 Nd7 27. Ne4 h6 28. Re2 f5 29. Nd2 Bf6 30. Nf3 Nec5 31. Nd2 Re7 32. Rde1 Rde8 33. Bf3 Na6 34. Nb1 Nb4+ 35. Kd2 d5 36. cxd5 Nxd5 37. Bxd5 cxd5 38. Na3 Kc6 39. Rc1+ Nc5 40. Nb5 d4 0-1

[Event "POR-ch Seniors 65"]
[Site "Peniche"]
[Date "2023.06.09"]
[Round "4"]
[White "Rebelo, Pracas Antonio Fern"]
[Black "Santos, Julio Fernandes"]
[Result "1-0"]
[WhiteElo "1548"]
[BlackElo "1800"]
[PlyCount "31"]
[EventDate "2023.06.06"]
[EventType "swiss"]
[EventRounds "5"]
[EventCountry "POR"]
[SourceTitle "CBM 214 Extra"]
[Source "ChessBase"]
[SourceDate "2023.07.31"]
[SourceVersion "1"]
[SourceVersionDate "2023.07.31"]
[SourceQuality "1"]

1. e4 e5 2. Nf3 Nc6 3. Bc4 Be7 4. Nc3 d6 5. Nd5 Nf6 6. Nxe7 Qxe7 7. d3 Bg4 8. c3 0-0 9. h3 Bd7 10. Bb3 h6 11. Be3 Rad8 12. Qe2 a5 13. Nh4 Nxe4 14. Ng6 Qf6 15. Nxf8 Qxf2+ 16. Bxf2 1-0

[Event "Portuguese Honra"]
[Site "Lisbon"]
[Date "2022.12.18"]
[Round "4"]
[White "Gama, Joao Tiago Correged"]
[Black "Santos, Julio Fernandes"]
[Result "1/2-1/2"]
[WhiteElo "1685"]
[BlackElo "1817"]
[PlyCount "118"]
[EventDate "2022.12.16"]
[EventType "tourn"]
[EventRounds "9"]
[EventCountry "POR"]
[SourceTitle "CBM 211 Extra"]
[Source "ChessBase"]
[SourceDate "2023.01.31"]
[SourceVersion "1"]
[SourceVersionDate "2023.01.31"]
[SourceQuality "1"]

1. e4 e5 2. Nf3 Nc6 3. d4 exd4 4. Nxd4 Qf6 5. Be3 Bc5 6. c3 Nge7 7. g3 a6 8. Bg2 0-0 9. 0-0 Nd8 10. f4 d6 11. Nd2 Nec6 12. N2f3 Bg4 13. h3 Bxf3 14. Bxf3 Ne6 15. Nc2 Bxe3+ 16. Nxe3 Qd8 17. Qb3 Nc5 18. Qc2 Ne7 19. Rad1 Qb8 20. Bg2 Qa7 21. Kh2 Rfe8 22. Ng4 Ng6 23. b4 Nd7 24. e5 h5 25. Nf2 h4 26. Ng4 hxg3+ 27. Kxg3 Qb6 28. exd6 c6 29. Be4 Ngf8 30. Kh2 Rad8 31. Qg2 Kh8 32. Rg1 Ng6 33. Nf2 Qe3 34. Rd3 Qxf4+ 35. Kh1 Nde5 36. Bxg6 fxg6 37. Rd4 Qf5 38. Rgd1 Rf8 39. Ng4 Nf3 40. R4d3 Nh4 41. Qe2 Rfe8 42. Re3 Rxe3 43. Qxe3 Rxd6 44. Rxd6 Qf1+ 45. Qg1 Qxh3+ 46. Nh2 Qxc3 47. Rd4 g5 48. Rd8+ Kh7 49. Qb1+ g6 50. Rd7+ Kh6 51. Ng4+ Kh5 52. Qd1 Qh3+ 53. Nh2+ Kh6 54. Qg1 Qxd7 55. Ng4+ Kg7 56. Qa1+ Kf8 57. Qh8+ Ke7 58. Qf6+ Ke8 59. Qh8+ Ke7 1/2-1/2

[Event "Pombal op 11th"]
[Site "Pombal"]
[Date "2020.10.05"]
[Round "6"]
[White "Goncalves, Lucas Jordao"]
[Black "Santos, Julio Fernandes"]
[Result "0-1"]
[WhiteElo "1666"]
[BlackElo "1900"]
[PlyCount "107"]
[EventDate "2020.10.02"]
[EventType "swiss"]
[EventRounds "7"]
[EventCountry "POR"]
[SourceTitle "CBM 198 Extra"]
[Source "ChessBase"]
[SourceDate "2020.11.30"]
[SourceVersion "1"]
[SourceVersionDate "2020.11.30"]
[SourceQuality "1"]

1. e4 e5 2. Nf3 Nc6 3. Bc4 d6 4. c3 Na5 5. Bb5+ Bd7 6. Bxd7+ Qxd7 7. 0-0 g6 8. d4 f6 9. Qd3 Nc6 10. Na3 a6 11. Be3 Nh6 12. Bxh6 Bxh6 13. Rad1 g5 14. dxe5 fxe5 15. Nc4 0-0-0 16. Ne3 Ne7 17. h3 Rhf8 18. Ng4 Qe6 19. Qe3 Kb8 20. Nxh6 Qxh6 21. Qxg5 Qe6 22. Qh4 Rg8 23. Rd3 Ng6 24. Qh6 Qc4 25. Re3 Nf4 26. g3 Rg6 27. Qh4 Rdg8 28. b3 Qc5 29. Rfe1 Qc6 30. Kh2 Ne6 31. Qh5 Rf8 32. R1e2 Rgf6 33. Kg2 Qd7 34. Ng5 Nxg5 35. Qxg5 Rg6 36. Qh4 Rf4 37. Qh5 Qf7 38. Kf1 Qg7 39. Ke1 Rf8 40. Rf3 Rxf3 41. Qxf3 Qh6 42. Kd1 Qxh3 43. Re1 Qh6 44. Rh1 Qg7 45. Rh5 a5 46. Rf5 Qh6 47. Ke2 Rg8 48. Rh5 Qc1 49. Qe3 Qc2+ 50. Kf3 Rg7 51. Rf5 b6 52. Kg2 Qxa2 53. Qh6 Rg8 54. Qe6 0-1

[Event "Pombal op 11th"]
[Site "Pombal"]
[Date "2020.10.04"]
[Round "4"]
[White "Gonzalez Perez, Arian"]
[Black "Santos, Julio Fernandes"]
[Result "1-0"]
[WhiteElo "2482"]
[BlackElo "1900"]
[PlyCount "33"]
[EventDate "2020.10.02"]
[EventType "swiss"]
[EventRounds "7"]
[EventCountry "POR"]
[SourceTitle "CBM 198 Extra"]
[Source "ChessBase"]
[SourceDate "2020.11.30"]
[SourceVersion "1"]
[SourceVersionDate "2020.11.30"]
[SourceQuality "1"]

1. e4 e5 2. Nf3 Nc6 3. Bc4 Bc5 4. b4 Bxb4 5. c3 Ba5 6. d4 exd4 7. Qb3 Qe7 8. 0-0 Bb6 9. cxd4 Na5 10. Qc2 Nxc4 11. Qxc4 Qe6 12. d5 Qf6 13. e5 Qg6 14. a4 Ba5 15. Ba3 b6 16. Qxc7 Ba6 17. e6 1-0

[Event "Ferreira do Alentejo op 1st"]
[Site "Ferreira do Alentejo"]
[Date "2018.09.28"]
[Round "5"]
[White "Santos, Julio Fernandes"]
[Black "Campora, Daniel Hugo"]
[Result "0-1"]
[WhiteElo "1872"]
[BlackElo "2413"]
[PlyCount "92"]
[EventDate "2018.09.26"]
[EventType "swiss"]
[EventRounds "9"]
[EventCountry "POR"]
[SourceTitle "CBM 186 Extra"]
[Source "ChessBase"]
[SourceDate "2018.08.24"]
[SourceVersion "1"]
[SourceVersionDate "2018.08.24"]
[SourceQuality "1"]

1. e4 d6 2. c4 Nf6 3. Nc3 c5 4. d4 cxd4 5. Qxd4 Nc6 6. Qd1 g6 7. Be2 Bg7 8. Nf3 0-0 9. 0-0 Bg4 10. h3 Bxf3 11. Bxf3 Rc8 12. Be2 Nd7 13. Bd2 Nc5 14. Qc2 Nd4 15. Qb1 f5 16. Bd3 f4 17. f3 a5 18. Nd5 Be5 19. Nc3 e6 20. Be1 Qf6 21. a4 b6 22. Qd1 g5 23. Ra3 Rf7 24. Nb1 Rfc7 25. Be2 Nxe2+ 26. Qxe2 Bxb2 27. Bc3 Bxc3 28. Nxc3 Nb7 29. e5 Qxe5 30. Qxe5 dxe5 31. Ne4 Nc5 32. Nxg5 h6 33. Ne4 Nxe4 34. fxe4 Rxc4 35. Rb3 Rb4 36. Rd3 Kf7 37. Rd7+ Kf6 38. Rh7 Kg6 39. Rb7 Rc6 40. g4 Rc3 41. Rd1 Kg5 42. Rg7+ Kh4 43. Rg6 Rb2 44. Rxh6+ Kg3 45. g5 Rg2+ 46. Kh1 f3 0-1

[Event "Ferreira do Alentejo op 1st"]
[Site "Ferreira do Alentejo"]
[Date "2018.09.26"]
[Round "1"]
[White "Chatalbashev, Boris"]
[Black "Santos, Julio Fernandes"]
[Result "1-0"]
[WhiteElo "2546"]
[BlackElo "1872"]
[PlyCount "55"]
[EventDate "2018.09.26"]
[EventType "swiss"]
[EventRounds "9"]
[EventCountry "POR"]
[SourceTitle "CBM 186 Extra"]
[Source "ChessBase"]
[SourceDate "2018.08.24"]
[SourceVersion "1"]
[SourceVersionDate "2018.08.24"]
[SourceQuality "1"]

1. d4 d5 2. c4 e6 3. Nc3 Nf6 4. cxd5 exd5 5. Bg5 Be7 6. e3 0-0 7. Bd3 c6 8. Qc2 h6 9. Bh4 Be6 10. Nge2 Nbd7 11. Nf4 Ne8 12. Bxe7 Qxe7 13. 0-0-0 Nd6 14. Kb1 b5 15. f3 Nc4 16. Bxc4 bxc4 17. e4 Nb6 18. h4 Rfd8 19. e5 Qe8 20. g4 g6 21. Rhg1 Kg7 22. Nce2 Nd7 23. Ng3 Qh8 24. h5 g5 25. Nxe6+ fxe6 26. Qg6+ Kf8 27. Qxe6 Qh7+ 28. Nf5 1-0

[Event "POR CupT qf  40th"]
[Site "Portugal"]
[Date "2018.05.05"]
[Round "3.7"]
[White "Santos, Julio Fernandes"]
[Black "Silva, Flavio Artur Cardos"]
[Result "0-1"]
[WhiteElo "1896"]
[BlackElo "1965"]
[PlyCount "118"]
[EventDate "2017.12.16"]
[EventType "team-k.o."]
[EventRounds "6"]
[EventCountry "POR"]
[SourceTitle "EXT 2019"]
[Source "ChessBase"]
[SourceDate "2018.10.10"]
[SourceVersion "1"]
[SourceVersionDate "2018.10.10"]
[SourceQuality "1"]
[WhiteTeam "EDP Club"]
[BlackTeam "Cavadas"]
[WhiteTeamCountry "POR"]
[BlackTeamCountry "POR"]

1. e4 d6 2. c4 Nf6 3. Nc3 e5 4. d4 exd4 5. Qxd4 Nc6 6. Qd1 Be7 7. Be2 0-0 8. Nf3 a6 9. 0-0 Rb8 10. h3 Bd7 11. Re1 h6 12. Be3 b5 13. cxb5 axb5 14. Nxb5 Ne5 15. Nxe5 dxe5 16. a4 Nxe4 17. Qd5 Nd6 18. Nxd6 cxd6 19. Bc1 Be6 20. Qd3 Rb3 21. Qc2 Qb8 22. Bb5 Rc8 23. Qd1 f5 24. f3 Qb6+ 25. Kh2 f4 26. Re2 Rb4 27. Qe1 Qc5 28. Re4 Rxe4 29. Qxe4 Qf2 30. Bxf4 Bxh3 31. Bc4+ Kh8 32. Rg1 Bg4 33. Bg3 Bxf3 34. Qxf3 Qxf3 35. gxf3 Rxc4 36. Ra1 Rc2+ 37. Kg1 Rxb2 38. a5 Bd8 39. a6 Bb6+ 40. Kf1 Ba7 41. Rd1 Rb6 42. Ra1 Rc6 43. Bf2 Rc7 44. Rd1 Bc5 45. Rd5 Ra7 46. Bxc5 dxc5 47. Rxe5 Rxa6 48. Rxc5 Ra2 49. Kg1 Kh7 50. Rc6 h5 51. Rb6 g6 52. Rb7+ Kh6 53. Rb5 h4 54. Rb4 Kh5 55. Rc4 h3 56. Rg4 g5 57. Rg3 h2+ 58. Kh1 Kh4 59. Rg4+ Kh3 0-1

[Event "POR-ch Seniors 65"]
[Site "Luso"]
[Date "2018.03.25"]
[Round "1"]
[White "Santos, Julio Fernandes"]
[Black "Viana, Eduardo Escudeiro"]
[Result "1-0"]
[WhiteElo "1897"]
[BlackElo "1558"]
[PlyCount "63"]
[EventDate "2018.03.25"]
[EventType "swiss"]
[EventRounds "5"]
[EventCountry "POR"]
[SourceTitle "EXT 2019"]
[Source "ChessBase"]
[SourceDate "2018.10.10"]
[SourceVersion "1"]
[SourceVersionDate "2018.10.10"]
[SourceQuality "1"]

1. e4 c5 2. Nf3 d6 3. d4 cxd4 4. Nxd4 Nf6 5. Nc3 a6 6. Be2 e5 7. Nb3 Be6 8. 0-0 Be7 9. Be3 0-0 10. h3 Nc6 11. Qe1 Qc7 12. Rd1 Rfd8 13. Nd5 Bxd5 14. exd5 Nb8 15. c4 b6 16. Nd2 Nbd7 17. Bd3 Bf8 18. Rc1 Nc5 19. Bb1 Qe7 20. Bg5 h6 21. Bh4 g5 22. Bg3 Bg7 23. Qe2 Re8 24. h4 g4 25. Rfe1 e4 26. b4 Nd3 27. Bxd3 Ra7 28. Nxe4 Nxe4 29. Qxe4 Qf6 30. Qh7+ Kf8 31. Rxe8+ Kxe8 32. Qf5 1-0

[Event "Lisbon Portugal rapid op"]
[Site "Lisbon"]
[Date "2018.02.10"]
[Round "2"]
[White "Santos, Julio Fernandes"]
[Black "Borsos, Bogdan"]
[Result "0-1"]
[WhiteElo "1870"]
[BlackElo "2301"]
[PlyCount "106"]
[EventDate "2018.02.10"]
[EventType "swiss (rapid)"]
[EventRounds "8"]
[EventCountry "POR"]
[SourceTitle "CBM 182 Extra"]
[Source "ChessBase"]
[SourceDate "2018.02.23"]
[SourceVersion "1"]
[SourceVersionDate "2018.02.23"]
[SourceQuality "1"]

1. e4 e5 2. Nf3 Nc6 3. Bb5 Nf6 4. 0-0 Nxe4 5. Re1 Nd6 6. Nxe5 Be7 7. Bxc6 dxc6 8. Qe2 Be6 9. d4 0-0 10. Bf4 Re8 11. Nd2 Bf8 12. c3 f6 13. Nef3 Qd7 14. Qf1 b6 15. b3 a5 16. c4 Nf5 17. Be3 Rad8 18. Ne4 Bb4 19. Red1 Bf7 20. Qd3 Nxe3 21. fxe3 Bg6 22. Nxf6+ gxf6 23. Qe2 Qe6 24. Kf2 Re7 25. a3 Bd6 26. d5 cxd5 27. cxd5 Qf5 28. Qc4 Re4 29. Rd4 Rxd4 30. exd4 Qc2+ 31. Kg1 Re8 32. Rc1 Qxc4 33. Rxc4 Be4 34. Kf2 Bxd5 35. Rc3 Re7 36. g3 Bxa3 37. Nh4 Be4 38. d5 Bc5+ 39. Kf1 Rd7 40. Ng2 Bxg2+ 41. Kxg2 Rxd5 42. Kf3 Kf7 43. h4 h5 44. Ke4 Ke6 45. Rc2 Rd4+ 46. Kf3 Kf5 47. Rc3 Bd6 48. Kg2 Rg4 49. Rf3+ Ke6 50. Re3+ Be5 51. b4 axb4 52. Rd3 Rxg3+ 53. Rxg3 Bxg3 0-1

[Event "Lisbon Portugal rapid op"]
[Site "Lisbon"]
[Date "2018.02.10"]
[Round "8"]
[White "Santos, Julio Fernandes"]
[Black "Dumont, Andre"]
[Result "1-0"]
[WhiteElo "1870"]
[BlackElo "2019"]
[PlyCount "37"]
[EventDate "2018.02.10"]
[EventType "swiss (rapid)"]
[EventRounds "8"]
[EventCountry "POR"]
[SourceTitle "CBM 182 Extra"]
[Source "ChessBase"]
[SourceDate "2018.02.23"]
[SourceVersion "1"]
[SourceVersionDate "2018.02.23"]
[SourceQuality "1"]

1. e4 e5 2. Nf3 Nc6 3. Bb5 f5 4. d3 fxe4 5. dxe4 Nf6 6. Qe2 Nd4 7. Nxd4 exd4 8. e5 Ng8 9. 0-0 Ne7 10. Bg5 h6 11. Bh4 c6 12. Bd3 Qa5 13. Qh5+ Kd8 14. Na3 d5 15. Qf7 g5 16. Bg3 Bd7 17. e6 Be8 18. Qf6 Rg8 19. Bd6 1-0

[Event "Lisbon Portugal op"]
[Site "Lisbon"]
[Date "2018.02.06"]
[Round "6"]
[White "Fidalgo, Andre Neves"]
[Black "Santos, Julio Fernandes"]
[Result "1-0"]
[WhiteElo "2205"]
[BlackElo "1870"]
[PlyCount "67"]
[EventDate "2018.02.03"]
[EventType "swiss"]
[EventRounds "9"]
[EventCountry "POR"]
[SourceTitle "CBM 182 Extra"]
[Source "ChessBase"]
[SourceDate "2018.02.23"]
[SourceVersion "1"]
[SourceVersionDate "2018.02.23"]
[SourceQuality "1"]

1. d4 d5 2. c4 e6 3. Nf3 Nf6 4. g3 Nc6 5. Bg2 Be7 6. 0-0 0-0 7. Nc3 Re8 8. Ne5 Nb8 9. e4 dxc4 10. Be3 b6 11. Nxf7 Kxf7 12. e5 c6 13. exf6 Bxf6 14. Qh5+ Ke7 15. Qxh7 Rh8 16. Qg6 Qe8 17. Qxe8+ Kxe8 18. Ne4 Ke7 19. Rfc1 Ba6 20. Bf1 b5 21. a4 Nd7 22. axb5 Bxb5 23. Bxc4 Bxc4 24. Rxc4 Rhc8 25. Rac1 Nb8 26. g4 Kd7 27. Nc5+ Kd6 28. g5 Be7 29. f3 a5 30. Bf4+ Kd5 31. Na4 Nd7 32. b3 Bb4 33. Rd1 Rf8 34. Rc5+ 1-0

[Event "Lisbon Portugal rapid op"]
[Site "Lisbon"]
[Date "2017.02.11"]
[Round "2"]
[White "Santos, Julio Fernandes"]
[Black "Gavrish, Leonid"]
[Result "0-1"]
[WhiteElo "1900"]
[BlackElo "2212"]
[PlyCount "119"]
[EventDate "2017.02.11"]
[EventType "swiss (rapid)"]
[EventRounds "8"]
[EventCountry "POR"]
[SourceTitle "CBM 176 Extra"]
[Source "ChessBase"]
[SourceDate "2017.03.02"]
[SourceVersion "1"]
[SourceVersionDate "2017.03.02"]
[SourceQuality "1"]

1. e4 d6 2. d4 Nf6 3. Nc3 g6 4. Be2 Bg7 5. Be3 0-0 6. Qd2 Nc6 7. f3 e5 8. d5 Nd4 9. Bd3 c5 10. Nce2 b5 11. Bxd4 exd4 12. Bxb5 Qb6 13. c4 dxc3 14. Nxc3 Nxe4 15. fxe4 Bxc3 16. Qxc3 Qxb5 17. Kd2 Re8 18. Re1 Qa4 19. Nf3 Rxe4 20. Rxe4 Qxe4 21. Re1 Qf4+ 22. Qe3 Qxe3+ 23. Rxe3 Bg4 24. Ng5 Kg7 25. Ne4 Rd8 26. Ra3 Bf5 27. Nc3 Rb8 28. b3 Rb7 29. Ra6 Rd7 30. Ke3 Kf6 31. h3 h5 32. Nb5 Ke5 33. Nc3 Rb7 34. Ra4 g5 35. g4 hxg4 36. hxg4 Bg6 37. Ra6 f6 38. Rc6 Rh7 39. Ra6 Rh3+ 40. Kd2 Rd3+ 41. Kc2 Rxd5+ 42. Kb2 Rd2+ 43. Ka3 d5 44. Rxa7 d4 45. Na4 Bb1 46. Nb2 Kf4 47. Rc7 Rc2 48. Nd3+ Kxg4 49. Nxc5 d3 50. b4 Rxa2+ 51. Kb3 Ra8 52. Rd7 f5 53. Nxd3 Bxd3 54. Rxd3 f4 55. Kc2 f3 56. Kd2 Kg3 57. b5 Kg2 58. Rd4 Kg3 59. b6 g4 60. Ke1 0-1

[Event "Lisbon Portugal op"]
[Site "Lisbon"]
[Date "2017.02.04"]
[Round "1"]
[White "Burmakin, Vladimir"]
[Black "Santos, Julio Fernandes"]
[Result "1-0"]
[WhiteElo "2527"]
[BlackElo "1900"]
[PlyCount "99"]
[EventDate "2017.02.04"]
[EventType "swiss"]
[EventRounds "9"]
[EventCountry "POR"]
[SourceTitle "CBM 176 Extra"]
[Source "ChessBase"]
[SourceDate "2017.03.02"]
[SourceVersion "1"]
[SourceVersionDate "2017.03.02"]
[SourceQuality "1"]

1. Nf3 f5 2. g3 c5 3. Bg2 Nc6 4. d4 cxd4 5. Nxd4 Nf6 6. 0-0 g6 7. c4 Bg7 8. Nc3 0-0 9. c5 Kh8 10. Nb3 b6 11. Rb1 Bb7 12. e4 fxe4 13. Nxe4 Nxe4 14. Bxe4 d6 15. cxd6 Qxd6 16. Qxd6 exd6 17. Rd1 Na5 18. Bxb7 Nxb7 19. Be3 Rfe8 20. Nd4 a6 21. b4 b5 22. Rb3 Kg8 23. Rc1 Rec8 24. Rbc3 Rxc3 25. Rxc3 Nd8 26. Rc2 Bxd4 27. Bxd4 Ne6 28. Be3 Kf7 29. Rc6 Ke7 30. Rb6 h5 31. Rb7+ Kf6 32. Kf1 Ke5 33. Ke2 Rc8 34. Kd3 Rc6 35. Rf7 Rc7 36. f4+ Kd5 37. Rf6 Rg7 38. f5 gxf5 39. Rxf5+ Kc6 40. Rxh5 Rg4 41. Rh4 Rxh4 42. gxh4 Kd5 43. h5 Ke5 44. h6 Nf8 45. Bd4+ Kf5 46. Bg7 Nh7 47. Kd4 Ke6 48. h4 Ke7 49. Kd5 Kd7 50. a3 1-0

[Event "Portuguese Honra"]
[Site "Lisbon"]
[Date "2017.01.21"]
[Round "8"]
[White "Santos, Julio Fernandes"]
[Black "Dias, Ricardo Pedro Cruz"]
[Result "1-0"]
[WhiteElo "1894"]
[BlackElo "2123"]
[PlyCount "71"]
[EventDate "2017.01.15"]
[EventType "tourn"]
[EventRounds "9"]
[EventCountry "POR"]
[SourceTitle "CBM 176 Extra"]
[Source "ChessBase"]
[SourceDate "2017.03.02"]
[SourceVersion "1"]
[SourceVersionDate "2017.03.02"]
[SourceQuality "1"]

1. e4 e5 2. Nf3 Nc6 3. Bb5 a6 4. Ba4 Nf6 5. 0-0 Be7 6. Bxc6 dxc6 7. Nxe5 Nxe4 8. Qe2 Nf6 9. Re1 Be6 10. d3 Nd7 11. Bf4 Nxe5 12. Bxe5 0-0 13. Nd2 Bd6 14. Qh5 Re8 15. Nf3 f6 16. Bc3 Qd7 17. h3 c5 18. Nd2 Be7 19. b3 b5 20. a4 Qc6 21. Re3 Bd6 22. Ne4 Bf7 23. Qf3 Be5 24. Bxe5 fxe5 25. axb5 Qxb5 26. Ng5 Qd7 27. Qg3 h6 28. Nxf7 Qxf7 29. Rxe5 Qf6 30. Rae1 Rf8 31. Rxc5 c6 32. Rce5 Rf7 33. R1e2 a5 34. Re6 Qa1+ 35. Kh2 Rf6 36. Re7 1-0

[Event "Portuguese Honra"]
[Site "Lisbon"]
[Date "2017.01.19"]
[Round "6"]
[White "Santos, Julio Fernandes"]
[Black "Martins, Bruno Andre Leite"]
[Result "1-0"]
[WhiteElo "1894"]
[BlackElo "1847"]
[PlyCount "76"]
[EventDate "2017.01.15"]
[EventType "tourn"]
[EventRounds "9"]
[EventCountry "POR"]
[SourceTitle "CBM 176 Extra"]
[Source "ChessBase"]
[SourceDate "2017.03.02"]
[SourceVersion "1"]
[SourceVersionDate "2017.03.02"]
[SourceQuality "1"]

1. e4 e6 2. d4 d5 3. exd5 exd5 4. Bf4 Qe7+ 5. Qe2 Be6 6. g3 Nc6 7. c3 0-0-0 8. Nd2 Qd7 9. 0-0-0 Re8 10. h4 Nf6 11. Qb5 Nh5 12. Be3 a6 13. Qa4 Bg4 14. Re1 Bd6 15. Ne2 Bxe2 16. Rxe2 Bxg3 17. Bh3 f5 18. fxg3 Nxg3 19. Rhe1 Nxe2+ 20. Rxe2 g6 21. Qd1 Kb8 22. Bf4 Rxe2 23. Qxe2 Re8 24. Qf2 Qe7 25. Kd1 Nd8 26. Be5 Qd7 27. b3 Nf7 28. Nf3 Ka8 29. Kc2 h6 30. Qg3 Qe6 31. Bf1 c6 32. b4 Rg8 33. Bd3 g5 34. hxg5 hxg5 35. Qh3 Nxe5 36. Nxe5 g4 37. Qh7 Rf8 38. Qg7 Qf6 1-0

[Event "POR-ch Seniors 65+"]
[Site "Luso"]
[Date "2016.07.23"]
[Round "4"]
[White "Santos, Julio Fernandes"]
[Black "Viana, Eduardo Escudeiro"]
[Result "1-0"]
[WhiteElo "1876"]
[BlackElo "1580"]
[PlyCount "61"]
[EventDate "2016.07.21"]
[EventType "swiss"]
[EventRounds "5"]
[EventCountry "POR"]
[SourceTitle "EXT 2018"]
[Source "ChessBase"]
[SourceDate "2017.10.13"]
[SourceVersion "1"]
[SourceVersionDate "2017.10.13"]
[SourceQuality "1"]

1. e4 e5 2. Nf3 Nc6 3. Bb5 a6 4. Ba4 Nf6 5. 0-0 Be7 6. Bxc6 dxc6 7. Nxe5 0-0 8. d3 Re8 9. h3 Bc5 10. Nf3 Ba7 11. Re1 b5 12. a4 Bb7 13. Nc3 b4 14. Ne2 a5 15. b3 c5 16. Ng3 Nd7 17. Bb2 f6 18. Nf5 Ne5 19. Nd2 g6 20. Ng3 Qd6 21. Ndf1 Rad8 22. Ne3 c6 23. Rf1 Bc8 24. Kh1 Rf8 25. f4 Nf7 26. Nc4 Qc7 27. Bxf6 Rd7 28. Qd2 Nd6 29. Nxd6 Qxd6 30. e5 Qe6 31. f5 1-0

[Event "Lisbon Honra"]
[Site "Lisbon"]
[Date "2016.06.11"]
[Round "8"]
[White "Dias, Ricardo Pedro Cruz"]
[Black "Santos, Julio Fernandes"]
[Result "1-0"]
[WhiteElo "2073"]
[BlackElo "1901"]
[PlyCount "93"]
[EventDate "2016.06.05"]
[EventType "tourn"]
[EventRounds "9"]
[EventCountry "POR"]
[SourceTitle "EXT 2018"]
[Source "ChessBase"]
[SourceDate "2017.10.13"]
[SourceVersion "1"]
[SourceVersionDate "2017.10.13"]
[SourceQuality "1"]

1. e4 e5 2. Nf3 Nc6 3. Bb5 a6 4. Ba4 Nf6 5. 0-0 b5 6. Bb3 Be7 7. Re1 d6 8. c3 Na5 9. Bc2 c5 10. d4 Qc7 11. h3 Bd7 12. Nbd2 Rc8 13. d5 0-0 14. Nf1 Ne8 15. Ng3 Rb8 16. b3 Qd8 17. Qd3 h6 18. Nh2 Bg5 19. Rf1 Bxc1 20. Raxc1 c4 21. Qe3 g5 22. b4 Nb7 23. Ng4 Kh7 24. Qe2 Bxg4 25. hxg4 Ng7 26. Qe3 f6 27. a4 Qc7 28. Ra1 Nd8 29. Ra3 Rb7 30. Rfa1 Rf7 31. Nf5 Nxf5 32. gxf5 Rg7 33. Bd1 Qf7 34. axb5 axb5 35. Ra8 Qc7 36. Bh5 Re7 37. g3 Rb8 38. R8a6 Nf7 39. Rc6 Qd8 40. Raa6 Qg8 41. Bxf7 Qxf7 42. Rxd6 Kg7 43. Re6 h5 44. Rxe7 Qxe7 45. d6 Qd7 46. Qc5 Rb7 47. Rc6 1-0